01375nam a2200325 a 4500001001100000003000800011006001900019007001500038008004100053010001700094020002800111040002100139035002100160050002400181082001900205100003100224245014800255260004400403300001100447504006600458533015200524650006100676650003900737650004000776650004100816655002900857700002100886710001700907856012500924ebr5003884CaPaEBRm u cr cn|||||||||961125s1997 ctu sb 001 0 eng  z 96046717  z1567200214 (alk. paper) aCaPaEBRcCaPaEBR a(OCoLC)60690747114aKF3145b.G88 1997eb04a343.73/0742211 aGutterman, Alan S.,d1955-10aTechnology development and transferh[electronic resource] :bthe transactional and legal environment /cAlan S. Gutterman and Jacob N. Erlich. aWestport, Conn. :bQuorum Books,c1997. a215 p. aIncludes bibliographical references (p. [211]-212) and index. aElectronic reproduction.bPalo Alto, Calif. :cebrary,d2013.nAvailable via World Wide Web.nAccess may be limited to ebrary affiliated libraries. 0aTechnology transferxLaw and legislationzUnited States. 0aLicense agreementszUnited States. 0aTechnology transferzUnited States. 0aResearch, IndustrialzUnited States. 7aElectronic books.2local1 aErlich, Jacob N.2 aebrary, Inc.40uhttp://site.ebrary.com/lib/rucke/Doc?id=5003884zAn electronic book accessible through the World Wide Web; click to view